Systém operatívneho plánovania a riadenia mechanizačných procesov v poľnohospodárstve

Gespeichert in:
Bibliographische Detailangaben
Format: Buch
Sprache:Slowakisch
Veröffentlicht: Bratislava Príroda 1980
Schriftenreihe:Mechanizácia a výstavba poľnohospodárstva
Tags: Tag hinzufügen
Keine Tags, Fügen Sie das erste Tag hinzu!

MARC

LEADER 00000nam a2200000 4500
001 c119395
005 20250728082431.0
041 0 |a slo 
044 |a SK 
245 1 0 |a Systém operatívneho plánovania a riadenia mechanizačných procesov v poľnohospodárstve  |c R.A. Isančurin 
264 1 |a Bratislava  |b Príroda  |c 1980 
300 |a 307 s. 
490 1 |a Mechanizácia a výstavba poľnohospodárstva 
830 0 |a Mechanizácia a výstavba poľnohospodárstva